Statistics for Everton scorers in Premier League 2017-2018

Click here to take the quiz!

General Stats

  • This quiz has been taken 21 times
  • The average score is 7 of 10

Answer Stats

Player Goals % Correct
Wayne Rooney10
89%
Leighton Baines2
79%
Gylfi Sigurdsson4
74%
Theo Walcott2
74%
Cenk Tosun2
63%
Idrissa Gueye1
63%
Dominic Calvert-Lewin4
58%
Ashley Williams1
58%
Oumar Niasse7
53%
Tom Davies1
53%

Score Distribution

Percentile by Number Answered

Percent of People with Each Score

Your Score History

You have not taken this quiz